• 首页
  • 本馆介绍
  • 公告通知
  • 最新文献
  • 馆藏检索
  • 电子资源
  • 读者导购
  • 参考咨询
  • 我的图书馆
  • 登录
  • 详细信息显示
  • 放入我的书架
  • 预约/预借图书
  • 作者相关作品
  • 分类相关作品
  • 丛书相关作品
  • 出版社相关作品

书目信息

  • 表格格式
  • 工作单格式
  • 卡片格式
题名:
基层政府信息公开社会评议报告
    
 
作者: 肖卫兵 著
分册:  
出版信息: 北京   经济日报出版社  2014
页数: 598页
开本: 24cm
丛书名: 经济日报学术文库
单 册:
中图分类: D625.51
科图分类:
主题词: 地方政府--信息管理--研究--上海
电子资源:
ISBN: 978-7-80257-692-6
000 01254nam0 2200265 450
001 338183
005 20150601163238.25
010    @a978-7-80257-692-6@dCNY78.00
100    @a20141226d2014 em y0chiy50 ea
101 0  @achi@deng
102    @aCN@b110000
105    @ay z 000yy
106    @ar
200 1  @a基层政府信息公开社会评议报告@Aji ceng zheng fu xin xi gong kai she hui ping yi bao gao@d= Report on social appraisal of freedom of information work at the grassroots level@e以上海市X区为例@ea case study of Shanghai X district@f肖卫兵著@zeng
210    @a北京@c经济日报出版社@d2014
215    @a598页@d24cm
225 1  @a经济日报学术文库
330    @a本书以区为单位, 从第三方公众角度, 就合法性和服务型程度两项指标, 围绕政府信息公开目录、指南和年报三项内容, 对上海市X区41个委办局和街镇进行主动公开工作评议, 并提出可供未来基层区县政府以及相关单位提升自身政府信息公开工作的建议。
410  0 @12001 @a经济日报学术文库
510 1  @aReport on social appraisal of freedom of information work at the grassroots level@ea case study of Shanghai X district@zeng
606 0  @a地方政府@x信息管理@x研究@y上海
690    @aD625.51@v5
701  0 @a肖卫兵@Axiao wei bing@f(1975)@4著
801  0 @aCN@b卓展宏图@c20150525
905    @dD625.51@e62@f4
    
    基层政府信息公开社会评议报告= Report on social appraisal of freedom of information work at the grassroots level:以上海市X区为例:a case study of Shanghai X district/肖卫兵著.-北京:经济日报出版社,2014
    598页;24cm.-(经济日报学术文库)
    
    
    ISBN 978-7-80257-692-6:CNY78.00
    本书以区为单位, 从第三方公众角度, 就合法性和服务型程度两项指标, 围绕政府信息公开目录、指南和年报三项内容, 对上海市X区41个委办局和街镇进行主动公开工作评议, 并提出可供未来基层区县政府以及相关单位提升自身政府信息公开工作的建议。
●
相关链接 在E读中查询图书 在五车中查询图书 在当当中查询图书 在豆瓣中查询图书


正题名:基层政府信息公开社会评议报告     索取号:D625.51/62         预约/预借

序号 登录号 条形码 馆藏地/架位号 状态 备注
1 861165   208611652   第一样本阅览室/ [索取号:D625.51/62] 在馆    
2 861166   208611661   第一借阅区/ [索取号:D625.51/62] 在馆    
3 861167   208611670   第一借阅区/ [索取号:D625.51/62] 在馆    
4 861168   208611689   第一借阅区/ [索取号:D625.51/62] 在馆    
唐山师范学院图书馆 欢迎您!
大连网信软件有限公司© 版权所有